| 000 | 01148pam a22003491i 4500 | ||
|---|---|---|---|
| 001 | vtls000899873 | ||
| 003 | PNM | ||
| 005 | 20210107101620.0 | ||
| 008 | 200312t20202020my e 000 0 may | ||
| 015 | _aM20-09645 | ||
| 020 |
_a9789672437048 _qpaperback _cRM28.00 |
||
| 039 | 9 |
_a202011090909 _bsazlan _c202011011055 _dklyene _c202010280751 _dAUTHORITY _c202003171505 _ddayang |
|
| 040 |
_aBNM _beng _cBNM _erda _dPPAK |
||
| 049 | _amal | ||
| 082 | 0 | 4 |
_a959.5 _223 |
| 090 | 0 | 0 |
_a959.5 _bRAF _dG |
| 100 | 0 |
_aRafe Rahmat, _d1969-, _eauthor. |
|
| 245 | 1 | 0 |
_aMALAYA 1941 / _cRAFE RAHMAT & HAIRIL ANUAR ; Disunting oleh Shahmil Hafiz |
| 264 | 1 |
_aKuala Lumpur : _bPATRIOTS PUBLISHING SDN BHD, _c2020 |
|
| 264 | 1 | _c©2020 | |
| 300 |
_ax, 205 pages ; _c19 cm |
||
| 336 |
_atext _2rdacontent |
||
| 337 |
_aunmediated _2rdamedia |
||
| 338 |
_avolume _2rdacarrier |
||
| 504 | _aBibliography: pages 204-205 | ||
| 651 | 0 |
_aMalaya _xHistory |
|
| 651 | 0 |
_aMalaya _xHistory _yJapanese occupation, 1942-1945 |
|
| 651 | 0 |
_aMalays _zMalaysia _xPolitics and government |
|
| 700 | 0 |
_aHairil Anuar, _eauthor. |
|
| 700 | 0 |
_aShahmil Hafiz, _eeditor. |
|
| 942 |
_2ddc _cB |
||
| 999 |
_c180924 _d180924 |
||